Regional Economic Outlook, October 2014, Middle East and Central Asia,.

This issue discusses economic developments in the Middle East, North Africa, Afghanistan, and Pakistan (MENAP), which continue to reflect the diversity of conditions prevailing across the region. Most high-income oil exporters, primarily in the GCC, continue to record steady growth and solid economi...

Celý popis

Podrobná bibliografie
Korporativní autor: International Monetary Fund. Middle East and Central Asia Dept
Médium: Časopis
Jazyk:English
Vydáno: Washington, D.C. : International Monetary Fund, 2014.
Edice:Regional Economic Outlook
On-line přístup:Full text available on IMF
LEADER 02010cas a2200241 a 4500
001 AALejournalIMF014652
008 230101c9999 xx r poo 0 0eng d
020 |c 20.00 USD 
020 |z 9781498343732 
022 |a 2071-4122 
040 |a BD-DhAAL  |c BD-DhAAL 
110 2 |a International Monetary Fund.  |b Middle East and Central Asia Dept. 
245 1 0 |a Regional Economic Outlook, October 2014, Middle East and Central Asia,. 
264 1 |a Washington, D.C. :  |b International Monetary Fund,  |c 2014. 
300 |a 1 online resource (120 pages) 
490 1 |a Regional Economic Outlook 
500 |a <strong>Off-Campus Access:</strong> No User ID or Password Required 
500 |a <strong>On-Campus Access:</strong> No User ID or Password Required 
506 |a Electronic access restricted to authorized BRAC University faculty, staff and students 
520 3 |a This issue discusses economic developments in the Middle East, North Africa, Afghanistan, and Pakistan (MENAP), which continue to reflect the diversity of conditions prevailing across the region. Most high-income oil exporters, primarily in the GCC, continue to record steady growth and solid economic and financial fundamentals, albeit with medium-term challenges that need to be addressed. In contrast, other countries-Iraq, Libya, and Syria-are mired in conflicts with not only humanitarian but also economic consequences. And yet other countries, mostly oil importers, are making continued but uneven progress in advancing their economic agendas, often in tandem with political transitions and amidst difficult social conditions. In most of these countries, without extensive economic and structural reforms, economic prospects for the medium term remain insufficient to reduce high unemployment and improve living standards. 
538 |a Mode of access: Internet 
830 0 |a Regional Economic Outlook 
856 4 0 |z Full text available on IMF  |u http://elibrary.imf.org/view/books/086/21577-9781498343732-en/21577-9781498343732-en-book.xml  |z IMF e-Library